Statistiques concernant SUDOKU

Cliquez ici pour prendre le quiz!

Statistiques générales

  • Ce quiz a été pris 165 fois
  • Le résultat moyen est 43 sur 52

Statistiques - réponses

Réponse% Correct
1
99%
1
98%
8
95%
7
94%
7
93%
5
92%
3
91%
3
87%
4
85%
2
84%
2
84%
2
84%
4
84%
4
84%
5
84%
7
84%
3
83%
3
83%
5
83%
6
83%
6
83%
6
83%
6
83%
7
83%
7
83%
9
83%
2
82%
3
82%
5
82%
4
81%
8
81%
9
81%
1
80%
1
80%
1
80%
2
80%
2
80%
2
80%
3
80%
5
80%
5
80%
5
80%
6
80%
6
80%
6
80%
6
80%
8
80%
8
80%
8
80%
9
80%
9
80%
9
80%

Distribution des résultats

Percentile par nombre de réponses

% des personnes avec chaque résultat

Votre développement - résultats

Vous n’avez pas pris ce quiz